000 00614nam a2200229Ia 4500
003 OSt
005 20221007081504.0
006 a|||||r|||| 00| 0
007 ta
008 221006b |||||||| |||| 00| 0 eng d
024 _a17,431
037 _cTextual
040 _aFLL
_cFLL
_beng
041 _2eng
_aeng
082 _aY0Z, K9
100 _aFriedman Lawrence M.
_9133497
245 0 _aLaw and the behavioral sciences
260 _aNew York
_bThe Bobbs-Merrill Co. Inc. USA
_c1969
300 _a1059p
_ccm.
942 _hY0Z, K9
_cTEXL
_2CC
999 _c1163221
_d1163221